Ο δυτικός μαρξισμός

Saved in:
Bibliographic Details
Main Author: Anderson, Perry
Other Authors: Ζάννας, Αλέκος Π. (Translator)
Format: Book
Language:Greek
English
Published: Αθήνα : Ράππας, 1978.
Series:Προβλήματα του καιρού μας (Ράππας)
Subjects:
Tags: Add Tag
No Tags, Be the first to tag this record!

MARC

LEADER 00000cam a2200000 i 4500
001 1/42784
008 950530s1978 gr | ||| |||| ||gre||
035 |l 10025651 
040 |a GR-MyUA  |b gre  |e AACR2 
041 1 |a gre  |h eng 
082 7 |a 335.43   |2 (22) 
100 1 |a Anderson, Perry. 
245 1 2 |a Ο δυτικός μαρξισμός /   |c Πέρρυ Αντερσον ; μετάφραση Αλέκος Π. Ζάννας ; επιμέλεια της μετάφρασης Γιάννης Κρητικός.  
260 |a Αθήνα :   |b Ράππας,   |c 1978.  
300 |a 191 σ. ;   |c 21 εκ. 
490 1 |a (Προβλήματα του καιρού μας / Ράππας)  
500 |a Τίτλος πρωτοτύπου: Considerations on Western Marxism.  
650 0 |a Socialism  |z Europe  |x History. 
700 1 |a Ζάννας, Αλέκος Π.  |e trl 
830 0 |a Προβλήματα του καιρού μας (Ράππας) 
852 |a INST  |b CHIOS  |e 19960426  |h 335.43 ΑΝΔ  |p 005200005527  |q 005200005527  |t BK  |y 0 
852 |a INST  |b LESVOS  |e 19950530  |h 335.43 AND  |p 005100004271  |q 005100004271  |t BK  |y 0 
852 |a INST  |b SYROS  |e 20210329  |h 335.43 AND  |p 005500014325  |q 005500014325  |t BK  |y 0